Choosing to learn : adults in education /

Bibliographic Details
Other Authors: Woodley, Alan
Format: Book
Language:English
Published: [Guilford, Surrey] : Milton Keynes, BY, England ; Philadelphia : Society for Research into Higher Education ; Open University Press, 1987.
Subjects:

MARC

Tag First Indicator Second Indicator Subfields
LEADER 00000cam a2200000 a 4500
001 in00000014698
005 20151007052850.0
008 870305s1987 enk b 00000 eng
010 |a  87007632  
020 |a 0335156045 (Open University Press) 
035 |a (OCoLC)15629997 
035 |9 AAA9493AM 
040 |a DLC  |c DLC  |d TXA  |d UtOrBLW 
043 |a e-uk--- 
049 |a TXAM  |c [A11081228] 
050 0 0 |a LC5256.G7  |b C54 1987 
082 0 |a 374/.941  |2 19 
245 0 0 |a Choosing to learn :  |b adults in education /  |c by Alan Woodley [and others]. 
264 1 |a [Guilford, Surrey] :  |b Society for Research into Higher Education ;  |a Milton Keynes, BY, England ;  |a Philadelphia :  |b Open University Press,  |c 1987. 
300 |a xxi, 202 pages ;  |c 23 cm. 
336 |a text  |b txt  |2 rdacontent 
337 |a unmediated  |b n  |2 rdamedia 
338 |a volume  |b nc  |2 rdacarrier 
504 |a Bibliography: pages 180-182. 
650 0 |a Adult education  |z Great Britain. 
650 0 |a Education, Higher  |z Great Britain. 
650 0 |a Continuing education  |z Great Britain. 
700 1 |a Woodley, Alan. 
999 |a MARS 
999 f f |s 69e53660-f68d-3b0c-9935-713f1424588b  |i 6da59d9e-05c1-35fb-8db2-94702e03efa8  |t 0 
952 f f |p normal  |a Texas A&M University  |b College Station  |c Sterling C. Evans Library  |d Evans: Library Stacks  |t 0  |e LC5256.G7 C54 1987  |h Library of Congress classification  |i unmediated -- volume  |m A14811081228 
998 f f |a LC5256.G7 C54 1987  |t 0  |l Evans: Library Stacks